Statistics for States Ending in S

Click here to take the quiz!

General Stats

  • This quiz has been taken 38 times
  • The average score is 4 of 5

Answer Stats

Answer% Correct
Arkansas
100%
Texas
92%
Kansas
89%
Massachusetts
86%
Illinois
81%

Score Distribution

Percentile by Number Answered

Percent of People with Each Score

Your Score History

You have not taken this quiz